|
|
|
|
| LEADER |
01048 a2200193 4500 |
| 008 |
130226b xxu||||| |||| 00| 0 eng d |
| 020 |
|
|
|a 8183560954
|
| 082 |
|
|
|a 307.772
|
| 245 |
|
|
|a Tribal development :
|b post globalisation /
|c Edited by Rabi N. Misra.
|
| 260 |
|
|
|b Discovery,
|c 2006.
|a New Delhi :
|
| 300 |
|
|
|a 105p. ;
|c 23 cm.
|
| 505 |
|
|
|a The KONDH women of Kondhmal district--Role of KUL Association in Kandhamal district of Orissa--Problems of tribal development in Orissa--Development of tribals in South Orissa--Marketing of tribal products--Tribal development--Catalysing tribal development--Role of tribals in economic development of Orissa--Tribal development through preservation of culture.
|
| 650 |
|
|
|a Tribes
|z India
|
| 650 |
|
|
|a Indigenous people
|x Economic conditions
|z India
|
| 650 |
|
|
|a Indigenous people
|x Social conditions
|z India
|
| 700 |
|
|
|a Misra, Rabi N.
|e Editor.
|
| 942 |
|
|
|c BK
|
| 999 |
|
|
|c 96119
|d 96119
|
| 952 |
|
|
|0 0
|1 0
|4 0
|6 307_772000000000000_TRI
|7 0
|9 95957
|a UL
|b UL
|c ST1
|d 2011-11-19
|g 0.00
|l 0
|o 307.772 TRI
|p 86248
|r 2012-10-28
|v 250.00
|y BK
|